| 000 | 00748nam a22002057a 4500 | ||
|---|---|---|---|
| 008 | 160819b xxu||||| |||| 00| 0 eng d | ||
| 020 | _a978-0-495-09548-4 (hbk.) | ||
| 082 |
_22008 _aDC 345 _bSch2c |
||
| 100 |
_913243 _aScheb, John M. (John Malcolm), 1926- |
||
| 245 |
_aCriminal law and procedure / _cJohn M. Scheb, John M. Scheb II |
||
| 250 | _aSixth Edition | ||
| 260 |
_aBelmont, CA : _bThomson Wadsworth, _cc2008. |
||
| 300 |
_axxv, 691 pages : _billustrations ; _c26 cm |
||
| 500 | _aIncludes bibliographical references and indexes | ||
| 650 | 0 |
_913244 _aCriminal law -- United States |
|
| 650 | 0 |
_913245 _aCriminal procedure -- United States |
|
| 700 |
_913246 _aScheb, John M., II, 1955- |
||
| 365 |
_b8,995.00 _cPhp |
||
| 942 |
_2ddc _cDC |
||
| 999 |
_c3958 _d3958 |
||